logo

Bir Sreshtho Munshi Abdur Rouf Library
Jhenaidah Cadet College

Dictionary Of Synonyms And Antonyms / (Record no. 5509)

MARC details
000 -LEADER
fixed length control field 00602nam a2200217 a 4500
001 - CONTROL NUMBER
JCCL Control Number 5509
003 - CONTROL NUMBER IDENTIFIER
JCCL marc code BD-JhCC
005 - DATE AND TIME OF LATEST TRANSACTION
control field 20171218125548.0
008 - FIXED-LENGTH DATA ELEMENTS--GENERAL INFORMATION
fixed length control field 171217s2011 bg |||| ||a| 000 0 eng d
035 ## - SYSTEM CONTROL NUMBER
system control number (BD-JhCC)5509
040 ## - CATALOGING SOURCE
Original cataloging agency BD-JhCC
Modifying agency BD-JhCC
041 ## - LANGUAGE CODE
Language code of Book eng
082 ## - DEWEY DECIMAL CLASSIFICATION NUMBER
Classification number 423.12
Author mark and Year KLE 2011
100 ## - MAIN ENTRY--PERSONAL NAME
Personal name Kleiser, Grenville
245 ## - TITLE STATEMENT
Title Dictionary Of Synonyms And Antonyms /
Statement of responsibility, etc Grenville Kleiser
260 ## - PUBLICATION, DISTRIBUTION, ETC. (IMPRINT)
Place of publication, distribution, etc New Delhi :
Name of publisher, distributor, etc A. P. H. Publishing Corporation .
Date of publication, distribution, etc 2011.
300 ## - PHYSICAL DESCRIPTION
Pagination 246 p. :
Dimensions 21 cm.
650 ## - SUBJECT ADDED ENTRY--TOPICAL TERM
Topical term or geographic name as entry element Synonyms And Antonyms
General subdivision English Language
942 ## - ADDED ENTRY ELEMENTS (KOHA)
Source of classification or shelving scheme Dewey Decimal Classification
Koha item type Books
Holdings
Source of classification or shelving scheme Damaged status Not for loan Home library Current library Shelving location Date of accession Total Checkouts Full call number Barcode Date last seen Copy number Koha item type
Dewey Decimal Classification     JCC Rouf Library JCC Rouf Library General Stacks 12/17/2017   423.12 KLE 2011 7273 12/17/2017 C - 1 Books

JCC Library | Contacts | JCC Home

Last Update on 23 September 2017
Copyright @ 2017-2020 JCC Rouf Library
Rouf Library, Jhenidah Cadet College (JCC), Bangladesh